000 00484cam a2200181ua 4500
003 OSt
008 250506b |||||||| |||| 00| 0 eng d
041 _aeng
082 _a624.17
_bBEE/ME
100 _aBeer, Ferdinand P.
_97467
245 _aMechanics of materials /
250 _a3 /
260 _aNew Delhi :
_bTata Mc-Graw Hill Publishing Company ,
_c2007.
300 _a780 ; .
700 1 _aDewolf, John T .
_97468
700 1 _aJohnston, Russell E.
_97469
942 _cBK
999 _c13202
_d13202